| 000 | 00685cab a2200217 4500 | ||
|---|---|---|---|
| 001 | ABS41507 | ||
| 008 | 090401t1989 xxu||||| |||| 00| 0 eng d | ||
| 035 | _a(Sirsi) u30648 | ||
| 041 | _aeng | ||
| 100 | _aCottam, G. | ||
| 245 | _aRecovering economic loss | ||
| 260 | _c1989 | ||
| 350 | _a0 | ||
| 490 |
_aConstruction News _v(6134) 19 October 1989, 29(1) |
||
| 520 | _aReviews the law regarding the recovery of economic loss in tort using the recent case Portsea Island Mutual Cooperative Society Ltd v Michael Brasher Associates . | ||
| 650 | _aCASE LAW | ||
| 650 | _aLIABILITY | ||
| 690 | _aBUILT ENVIRONMENT-BUILDING CONTRACT FORMS | ||
| 942 | _n0 | ||
| 948 | _c04/03/1997 | ||
| 999 |
_c20659 _d20659 |
||